<?xml version="1.0" encoding="UTF-8"?>
<record
    xmlns:xsi="http://www.w3.org/2001/XMLSchema-instance"
    xsi:schemaLocation="http://www.loc.gov/MARC21/slim http://www.loc.gov/standards/marcxml/schema/MARC21slim.xsd"
    xmlns="http://www.loc.gov/MARC21/slim">

  <leader>03384nam a2200301 i 4500</leader>
  <datafield tag="952" ind1=" " ind2=" ">
    <subfield code="0">0</subfield>
    <subfield code="1">0</subfield>
    <subfield code="2">ddc</subfield>
    <subfield code="4">0</subfield>
    <subfield code="7">0</subfield>
    <subfield code="8">REF</subfield>
    <subfield code="a">FUSBC</subfield>
    <subfield code="b">FUSBC</subfield>
    <subfield code="d">2019-04-29</subfield>
    <subfield code="e">Compra</subfield>
    <subfield code="l">0</subfield>
    <subfield code="o">R 415 A837nu</subfield>
    <subfield code="p">19918</subfield>
    <subfield code="r">2025-05-06 00:00:00</subfield>
    <subfield code="t">Ej. 1</subfield>
    <subfield code="w">2019-04-29</subfield>
    <subfield code="y">REF</subfield>
    <subfield code="I">INV2023</subfield>
  </datafield>
  <datafield tag="999" ind1=" " ind2=" ">
    <subfield code="c">64993</subfield>
    <subfield code="d">64993</subfield>
  </datafield>
  <controlfield tag="001">768714001</controlfield>
  <controlfield tag="003">CO-MdFUSB</controlfield>
  <controlfield tag="005">20190507114712.0</controlfield>
  <controlfield tag="008">190429t2010    sp ad||| |||| 00| 0 spa d</controlfield>
  <datafield tag="020" ind1=" " ind2=" ">
    <subfield code="a">9788467032819</subfield>
  </datafield>
  <datafield tag="040" ind1=" " ind2=" ">
    <subfield code="a">CO-MdFUSB</subfield>
    <subfield code="b">spa</subfield>
    <subfield code="c">CO-MdFUSB</subfield>
    <subfield code="d">CO-MdFUSBC</subfield>
    <subfield code="e">rda</subfield>
  </datafield>
  <datafield tag="041" ind1=" " ind2=" ">
    <subfield code="a">spa</subfield>
  </datafield>
  <datafield tag="082" ind1=" " ind2=" ">
    <subfield code="2">41</subfield>
    <subfield code="a">415</subfield>
    <subfield code="b">A837nu</subfield>
  </datafield>
  <datafield tag="110" ind1=" " ind2=" ">
    <subfield code="a">Real Academia Espa&#xF1;ola</subfield>
  </datafield>
  <datafield tag="245" ind1=" " ind2=" ">
    <subfield code="a">Nueva gram&#xE1;tica de la lengua Espa&#xF1;ola: Manual.</subfield>
    <subfield code="c">/ Real Academia Espa&#xF1;ola. ; Asociaci&#xF3;n de Academias de la Lengua Espa&#xF1;ola.</subfield>
  </datafield>
  <datafield tag="264" ind1=" " ind2="1">
    <subfield code="a">Espa&#xF1;a :</subfield>
    <subfield code="b">Espasa, </subfield>
    <subfield code="c">[2010]</subfield>
  </datafield>
  <datafield tag="264" ind1=" " ind2="4">
    <subfield code="c">&#xA9; 2010</subfield>
  </datafield>
  <datafield tag="300" ind1=" " ind2=" ">
    <subfield code="c"> xliv, 993 p&#xE1;ginas</subfield>
    <subfield code="a">; 23 cm</subfield>
  </datafield>
  <datafield tag="336" ind1=" " ind2=" ">
    <subfield code="2">rdacontent</subfield>
    <subfield code="a">texto</subfield>
    <subfield code="b">txt</subfield>
  </datafield>
  <datafield tag="337" ind1=" " ind2=" ">
    <subfield code="2">rdamedia</subfield>
    <subfield code="a">sin mediaci&#xF3;n</subfield>
    <subfield code="b">n</subfield>
  </datafield>
  <datafield tag="338" ind1=" " ind2=" ">
    <subfield code="2">rdacarrier</subfield>
    <subfield code="a">volumen</subfield>
    <subfield code="b">nc</subfield>
  </datafield>
  <datafield tag="505" ind1=" " ind2=" ">
    <subfield code="a">Partes de la gram&#xE1;tica. Unidades fundamentales del an&#xE1;lisis gramatical -- El g&#xE9;nero -- El n&#xFA;mero -- La flexi&#xF3;n verbal -- La derivaci&#xF3;n nominal (1). Nombres de acci&#xF3;n y efecto -- La derivaci&#xF3;n nominal (II). Otros derivados -- La derivaci&#xF3;n adjetival y adverbial -- La derivaci&#xF3;n verbal -- La derivaci&#xF3;n apreciativa -- La prefijaci&#xF3;n -- La composici&#xF3;n -- El sustantivo y el grupo nominal -- El adjetivo y el grupo adjetival -- El articulo (I). Clases de articulo. Usos del articulo determinado -- El articulo (II). El articulo indeterminado. Generichidad y especificidad. La ausencia de articulo -- El pronombre personal. La correferencia. Las formas de tratamiento -- Los demostrativos -- Los Posesivos --
Los cuantificadores (I). Sus clases. Propiedades fundamentales de las expresiones cuantificativas -- Los cuantificadores (II). Caracter&#xED;sticas gramaticales de los principales cuantificadores -- Los numerales --
Relativos, interrogativos y exclamativos. Sus grupos sint&#xE1;cticos -- El verbo (I). Tiempo y aspecto. El aspecto L&#xE9;xico. Los tiempos del modo indicativo -- El verbo (II). Tiempo y aspecto. Los tiempos del modo subjuntivo. Interpretaciones de los adjuntos temporales. La concordancia de tiempos -- El verbo (III). El modo -- El verbo (IV). Las formas no personales; el infinitivo -- El verbo (V). Las formas no personales: el gerundio y el participio -- El verbo (VI). Las per&#xED;frasis verbales -- La preposici&#xF3;n y el grupo preposicional -- El adverbio y el grupo adverbial -- La conjunci&#xF3;n. Sus grupos sint&#xE1;cticos. Las construcciones coordinadas -- La interjecci&#xF3;n. Sus grupos sint&#xE1;cticos -- El sujeto -- El complemento directo. Transitividad e intransitividad -- El complemento indirecto -- El complemento de r&#xE9;gimen preposicional -- El atributo (I). El atributo en las oraciones copulativas -- El atributo (II). Construcciones semicopulativas. Los complementos predicativos. Las construcciones absolutas -- Los adjuntos. El complemento circunstancial -- Las funciones informativas -- Oraciones activas, pasivas, impersonales y medias --
La modalidad. Los actos de habla. Construcciones imperativas, interrogativas y exclamativas -- Oraciones subordinadas sustantivas -- Oraciones subordinadas de relativo -- Constricciones comparativas, superlativas y consecutivas -- Construcciones causales, finales e ilativas -- Construcciones condicionales y concesivas -- La negaci&#xF3;n.</subfield>
  </datafield>
  <datafield tag="563" ind1=" " ind2=" ">
    <subfield code="a">R&#xFA;stico</subfield>
  </datafield>
  <datafield tag="650" ind1=" " ind2="0">
    <subfield code="9">1734</subfield>
    <subfield code="a">Gram&#xE1;tica</subfield>
  </datafield>
  <datafield tag="700" ind1=" " ind2=" ">
    <subfield code="9">1735</subfield>
    <subfield code="a">Real Academia Espa&#xF1;ola, </subfield>
    <subfield code="e">autor</subfield>
  </datafield>
  <datafield tag="700" ind1=" " ind2=" ">
    <subfield code="9">1736</subfield>
    <subfield code="a"> Asociaci&#xF3;n de Academias de la Lengua Espa&#xF1;ola,</subfield>
    <subfield code="e">autor</subfield>
  </datafield>
  <datafield tag="942" ind1=" " ind2=" ">
    <subfield code="c">REF</subfield>
  </datafield>
</record>
